000 00608nam a2200193Ia 4500
003 GCL
008 140319s9999 xx 000 0 ara d
040 _aGCL /
_cGCL
082 0 4 _aق
_b932
_bا م
100 1 _aاركل
245 1 0 _aمصر الفرعونية واثارها فى السودان الشمالى (هدية من الاديب عبدالفتاح الجمل) /
_cاركل
700 1 _aعبدالسيد عورون
300 _a54 ص
490 _a
650 0 4 _aالسودان
650 0 4 _aالحضارة الفرعونية
650 0 4 _aالاثار الفرعونية
942 _2ddc
_cBK
999 _c42396
_d42396